000 00800nam a22002297a 4500
003 UA-OsUOA
001 131757
007 ta
008 20180618b un ||||| |||| 00| 0 ukr d
100 _aГорская Н. А.
090 _a271(09)(470+571)
_bГ70
942 _cBK
040 _aUA-OsUOA
_brus
_cUA-OsUOA
_dUA-OsUOA
245 _aМонастырские крестьяне Центральной России в XVII в.
_bо сущности и формах феодально-крепостнических отношений: монография
300 _a367 с.
955 _a1
041 _arus
080 _a271(09)(470+571)
260 _aМ.
_bНаука
_c1977
650 7 _a27 Загальна історія Християнської церкви
_2UDC
999 _c420096
_d420096